000 00331nam a22001337a 4500
008 181019b xxu||||| |||| 00| 0 eng d
020 _a9780312550073
041 _aeng
080 _22nd
_a371
100 _a46
101 _aEDU
245 _a65 Successful Harvard Business School Application Essays
_cGriffin,M
942 _2udc
_cBK
999 _c50275
_d50275